000 00471nam a2200157 i 4500
001 22971
003 ES-MaACL
005 20230906152804.0
007 t|
008 021205s1971 sp ||||1| spa d
100 1 _aAlsina Clota, José.
_920486
245 1 0 _aDescubrimiento del mediterráneo
_b: (ensayos sobre la cultura europea) /
_cJosé Alsina Clota.
260 _aBarcelona :
_bAriel,
_c[1971]
300 _a226 p. ;
_c22 cm.
852 _aES-MaACL
_jC-38397
_bR.77769
999 _c22971
_d22971